| 000 | 01131nam a22002537a 4500 | ||
|---|---|---|---|
| 005 | 20170124103111.0 | ||
| 010 | _aA-575228 | ||
| 020 |
_c135.00 _a8170551064 |
||
| 035 | _aA-575228 | ||
| 037 | _bCen Lib/Ret | ||
| 040 |
_aDPL _bHN |
||
| 082 |
_a425 _bमहरो |
||
| 100 |
_aमेहरोत्रा, रमेश चन्द्र _943552 |
||
| 245 |
_aमानक हिंदी का शुद्धिपरक व्याकरण / _cरमेश चन्द्र मेहरोत्रा |
||
| 246 |
_aManak hindi ka shuddhiparak vyakaran / _bbyRamesh Chandra Mahrotra |
||
| 260 |
_aनयी दिल्ली _bवाणी प्रकाशन _c1992 |
||
| 270 |
_bनयी दिल्ली _a21-ए, दरियागंज _e110002 |
||
| 300 |
_a210पृ. _c20सेमी(सजिल्द ) |
||
| 650 |
_aहिन्दी --भाषा _x _z _979661 |
||
| 650 |
_aहिन्दी --भाषा--अव्याकरण _979662 |
||
| 650 |
_aHindi--bhasha _943966 |
||
| 650 |
_aHindi--bhasha--grammer _979663 |
||
| 942 |
_2ddc _cHN _h425 _mमहरो |
||
| 999 |
_c118350 _d118350 |
||